Toxicology and Human life (Record no. 352411)

MARC details
000 -LEADER
fixed length control field 004380000a22001810004500
005 - DATE AND TIME OF LATEST TRANSACTION
control field 20120302060857.0
040 ## - CATALOGING SOURCE
Original cataloging agency ENG
100 ## - MAIN ENTRY--PERSONAL NAME
Personal name Ramachandran,R.K.
245 ## - TITLE STATEMENT
Title Toxicology and Human life
260 ## - PUBLICATION, DISTRIBUTION, ETC. (IMPRINT)
Place of publication, distribution, etc Delhi:DESIDOC ,1989
300 ## - PHYSICAL DESCRIPTION
Extent v;73P
365 ## - TRADE PRICE
Price amount Rs.
490 ## - SERIES STATEMENT
Series statement Popular science and technology series
650 ## - SUBJECT ADDED ENTRY--TOPICAL TERM
Topical term or geographic name as entry element Texicology
650 ## - SUBJECT ADDED ENTRY--TOPICAL TERM
Topical term or geographic name as entry element Human life
650 ## - SUBJECT ADDED ENTRY--TOPICAL TERM
Topical term or geographic name as entry element Texicology-Political conflicts
942 ## - ADDED ENTRY ELEMENTS (KOHA)
Koha item type Book
Holdings
Withdrawn status Lost status Damaged status Not for loan Home library Current library Date acquired Total Checkouts Barcode Date last seen Price effective from
        Institute For Oriental Study, Thane Institute For Oriental Study, Thane 12/02/2009   IOS-10849 12/02/2009 12/02/2009